000 00671nam a2200217 a 4500
999 _c2218
_d2218
001 2218
003 BD-JhCC
005 20181002173037.0
008 171031s1998 bg |||| ||a| 000 0 ben d
020 _a9844101026
035 _a(BD-JhCC)2218
040 _aBD-JhCC
_dBD-JhCC
041 _aben
082 _a954.92
_bSOB 1998
100 _aসোবহান, রেহমান
245 _aবাংলাদেশের অভ্যুদয় :
_bএকজন প্রত্যক্ষদর্শীর ভাষ্য /
_cরেহমান সোবহান,
300 _a128 p. :
_c22 cm.
650 _aBangladesh
942 _2ddc
_cBK